zpět

Detail výsledku týmu

Luna Club 07, Teplice

Datum a čas kvízu

26 Celkem bodů Celkový počet nahraných bodů na tomto kvízu bez doplňovacích otázek.
15. Pořadí na kvízu Konečné umístění týmu na tomto kvízu.

Zaznamenané odpovědi

# Otázka Odpověď Body Výsledky
1. Ve čtvrtek jsme se dozvěděli,... Rohlík.cz 1
2. Obyvatelé jisté země schválili... v Kataru 0
3. Minulý týden byl zveřejněn tea... Marty Pohl, Řezník 1
4. Minulý týden jsme se dozvěděli... 5 000 Kčs 0
5. Minulý týden se na sociálních... Zachytil se (kopačkou) do sítě. 1
6. Napište názvy dvou filmů Zacka... 300: Bitva u Thermopyl, 300: Vzestup říše 0.5
7. Přiřaďte následující herce k p... 1A 2B 3D 4C 0
8. Německý film režiséra Edwarda... Na západní frontě klid, Erich Maria Remarque 1
9. Film Pianista byl natočen v ro... Adrien Brody, Roman Polański 0.5
10. Napište název filmu, z něhož p... Nepřítel před branami 0